Cargando...

Pagemaker 6. 5 complete /

Detalles Bibliográficos
Autor principal: Mortier, R. Shamms
Lenguaje:Undetermined
Publicado: New Delhi : Techmedia , 1997.
LEADER 00471nam a2200145Ia 4500
001 122367
008 170722s9999 xx 000 0 und d
020 |a 818710550x 
100 |a Mortier, R. Shamms 
245 |a Pagemaker 6. 5 complete / 
260 |a New Delhi :  |b Techmedia ,  |c 1997. 
300 |a Ppxx+905  |c 23cms 
942 |c GEN 
999 |c 119274  |d 119274 
952 |0 0  |1 0  |4 0  |6 D_651334M143_N7  |7 0  |9 168741  |a LIB  |b LIB  |d 2017-08-12  |o D6513:34(M143) N7  |p 234384  |r 2017-08-12  |v 360.00  |w 2017-08-12  |y GEN